[Event "BL2-West 9596"]
[Site "Germany"]
[Date "1996.??.??"]
[Round "?.1"]
[White "Gurevich, Mikhail"]
[Black "Romanishin, Oleg M"]
[Result "1/2-1/2"]
[WhiteElo "2590"]
[BlackElo "2590"]
[Annotator "Gurevich,M"]
[PlyCount "129"]
[EventDate "1995.10.??"]
[EventType "team-tourn"]
[EventRounds "9"]
[EventCountry "GER"]
[SourceTitle "CBM 052"]
[Source "ChessBase"]
[SourceDate "1996.06.01"]
[SourceVersion "1"]
[SourceVersionDate "1996.06.01"]
[SourceQuality "1"]
[WhiteTeam "Godesberg"]
[BlackTeam "Hofheim"]
[WhiteTeamCountry "GER"]
[BlackTeamCountry "GER"]

1. d4 Nf6 2. c4 e6 3. Nf3 b6 4. a3 Bb7 5. Nc3 g6 6. Bf4 Bg7 7. e3 O-O 8. Be2 d6
9. O-O Nbd7 10. Qc2 (10. h3 {-65/489}) 10... Nh5 11. Bg5 Bf6 $5 $146 (11... Qe8
{[Dreev,A-Romanishin,O Symferopol 1988]}) 12. Bh6 Bg7 13. Bxg7 Nxg7 14. Rfd1
Qe7 15. Nd2 f5 $5 (15... c5 16. Bf3 Bxf3 17. Nxf3 cxd4 18. exd4 $14) (15... e5
16. Bf3 Bxf3 17. Nxf3 $14) 16. Bf3 c6 {[/\17...e5, 18...e4<=>>>]} 17. b4 e5 18.
c5 $1 (18. b5 e4 19. bxc6 Bxc6 20. Be2 Nf6 $13 (20... Rae8 $5 {(/\21...f4<=>)})
) 18... d5 (18... bxc5 19. bxc5 $16 dxc5 $2 20. Qb3+ $18) (18... e4 19. cxd6
Qxd6 20. Be2 $14 {(/\21.b5,21.d5-><<)}) (18... d5 {[#]}) 19. Nxd5 $5 cxd5 20.
c6 e4 $8 (20... Rac8 21. Bxd5+ Kh8 22. Qa4 $16) 21. cxb7 (21. Be2 Rac8 22. b5
Nf6 23. Qa4 Ba8 $17) 21... Rab8 22. Be2 Rxb7 23. Ba6 $14 (23. Qc6 Nf6 24. Rac1
Ne6 $10 {(/\25...Rc7,26...Rfc8)}) (23. Qb3 Nf6 24. f4 Rc7 $13 (24... exf3 25.
Nxf3 $14 {(/\26.Ne5)})) 23... Rbb8 24. Rac1 (24. Qc7 Ne6 25. Qxa7 $2 Ra8 26.
Qb7 Rfb8 $19) 24... Ne6 25. Qb3 (25. Qc6 Nf6 $13 {(/\26...f4->>>)} 26. Nc4 $2
Nc7 $1 $19 (26... dxc4 27. Bxc4 Rfe8 28. d5 Nd8 29. d6+ Kg7 30. Qc7 $18)) 25...
Nf6 26. Rc6 Rbd8 $1 {[/\27...Rd6]} (26... f4 $6 27. Nxe4 $1 Nxe4 28. Qxd5 N4g5
29. Bc4 fxe3 30. fxe3 Rbe8 31. h4 $16) (26... Qd7 27. Rdc1 $5 Nc5 28. R6xc5
bxc5 29. dxc5 $36 {(/\30.Qb2,Nd2-b3-d4)}) 27. Rdc1 Rd6 {[/\ 28...f4<=>>>, 28...
Nc5]} 28. Qc3 {[/\29.Bc8;><f4]} (28. Bc8 Nc5 $1 29. R1xc5 bxc5 30. Rxd6 Qxd6 (
30... c4) 31. bxc5 (31. dxc5 Qc6 $19) 31... Qe7 $13) 28... f4 $5 29. Rxd6 Qxd6
30. Qc6 Qe7 $1 31. Bc8 Nd8 32. Qc7 Qxc7 33. Rxc7 fxe3 34. fxe3 Rf7 35. Rc3 $6 (
35. Rxf7 Kxf7 36. Nb1 $14 {(/\37.Nc3)}) 35... Ne8 {[/\36...Rc7]} 36. Ba6 Rc7
37. Nb1 $1 Kf8 (37... Kf7 38. Bb5 Ne6 $14) 38. Bb5 Rxc3 39. Nxc3 Nc7 40. Ba4 {
[/\41.Ba4]} Ke7 41. Kf2 $14 {[/\ Ba4-b3,Kf2-g3-g4,h2-h4-h5]} a6 $5 42. Kg3 Nde6
43. Bd1 Kd6 (43... Kf6 $2 44. Bb3 $16) 44. h4 Ng7 $1 45. Bg4 h6 $1 46. Bc8 Nh5+
47. Kf2 Nf6 48. Bb7 $5 {[/\49.Na4]} (48. g4 g5 49. hxg5 hxg5 50. Ne2 Nb5 51. a4
Na3 52. Nc3 Nc2 $132) (48. Na4 Kc6 49. Nc3 Kd6) 48... a5 $1 49. Kg3 (49. bxa5
bxa5 50. Bc8 {(/\51.a4,Nc3-e2-f4)} Nd7 $5 $132 {(/\Nd7-b6-c4)}) (49. Na4 Nb5 $5
50. Nxb6 axb4 51. axb4 Nc3 $1 $132 {(/\52...Kc7,52...Ng4)} 52. Nc8+ Kc7 53. Ba6
Ng4+ 54. Ke1 Nxe3 55. Kd2 Ned1 56. b5 $36) 49... axb4 50. axb4 Ne6 $10 51. Ba6
Nc7 52. Be2 Ne6 53. Kf2 Ng7 54. g4 Ne6 55. Kg3 g5 56. Ba6 Nf8 57. Bc8 Ng6 58.
h5 Ne7 59. Ba6 Nc6 60. Na2 Ne7 61. Be2 Kc6 62. Nc3 Nc8 $5 {[/\Nc8-d6-c4]} 63.
Nb5 $1 $10 Nd6 64. Nxd6 Kxd6 65. b5 1/2-1/2

[Event "Andorra op 23rd"]
[Site "Andorra"]
[Date "2005.07.17"]
[Round "9"]
[White "Gurevich, Mikhail"]
[Black "Spraggett, Kevin"]
[Result "1/2-1/2"]
[WhiteElo "2669"]
[BlackElo "2592"]
[Annotator "Gurevich,M"]
[PlyCount "70"]
[EventDate "2005.07.09"]
[EventType "swiss"]
[EventRounds "9"]
[EventCountry "AND"]
[SourceTitle "CBM 107 Extra"]
[Source "ChessBase"]
[SourceDate "2005.09.01"]
[SourceVersion "1"]
[SourceVersionDate "2005.09.01"]
[SourceQuality "1"]

1. d4 Nf6 2. c4 e6 3. Nf3 b6 4. a3 Bb7 5. Nc3 d5 6. cxd5 exd5 7. Qa4+ c6 8. Bg5
Be7 9. e3 O-O 10. Bd3 Nbd7 (10... Re8 11. Ne5 h6 12. Bh4 Nfd7 13. Bxe7 Qxe7 14.
Nxd7 Nxd7 15. O-O Nf6 16. b4 a5 17. Qb3 axb4 18. axb4 g6 19. Ra4 Rxa4 20. Nxa4
Nd7 {1/2-1/2 Berczes,D-Koneru,H/Budapest HUN 2005/The Week in Chess 552 (20)})
11. O-O Re8 (11... h6 12. Bh4 Ne4 13. Bxe7 Qxe7 14. Rac1 Nd6 15. Ne2 c5 16. Nf4
c4 17. Bb1 b5 18. Qc2 Ne4 19. Nd2 Nef6 20. Rce1 Rfe8 21. f3 Qd6 22. Rf2 a5 23.
Nf1 b4 $132 {1/2-1/2 Lomineishvili,M-Dzagnidze,N/Tblisi 2004/CBM 103 ext (57)})
12. Qc2 g6 (12... c5 13. Rad1 c4 14. Bf5 g6 15. Bh3 Nh5 16. Bh6 Bd6 17. g3 Bf8
18. Bxf8 Nxf8 19. Bg2 a6 20. a4 Rc8 21. Rfe1 Rc7 22. b3 $14 {Sakaev,
K-Riazantsev,A RUS-chT Sochi 2004 1-0 (45)}) 13. Rad1 Rc8 14. Rfe1 a6 $5 {
TN [/\15...c5<=><<;} (14... Kg7 15. h3 a6 16. Qb3 b5 17. e4 dxe4 18. Nxe4 Nxe4
19. Bxe7 Rxe7 20. Bxe4 $14 {0-1 Farago,I-Votava,J/Oberwart 1997/EXT 99 (57)}) (
14... c5 15. dxc5 bxc5 16. Bb5 $36) 15. Qe2 $5 b5 (15... Ra8 16. Ne5 $5 Nxe5
17. dxe5 Nd7 18. Bxe7 Qxe7 19. f4 $36) 16. b4 a5 17. Qb2 axb4 18. axb4 Nb6 19.
Qb3 (19. Ra1 Ra8 20. Rxa8 Bxa8 21. e4 $14) (19. e4 Nc4 (19... dxe4 20. Nxe4
Nxe4 21. Bxe7 Rxe7 22. Rxe4 Nd5 23. Rde1 $14) 20. Qb1 (20. Qb3 Qd6 $5) 20...
dxe4 21. Nxe4 Nxe4 22. Bxe7 Rxe7 23. Rxe4 $14) 19... Qd6 20. Rb1 (20. Bxf6 $5
Bxf6 21. e4 Be7 22. Rb1 $14) 20... Nc4 21. Bf4 Qd8 22. h3 Ra8 $132 23. Ra1 Qd7
24. Ne5 Qe6 25. Be2 $5 {[/\26.Nd3,27.Nc5]} h5 $5 26. Bd3 (26. Nd3 Nd7 (26...
Ne4 27. Nxe4 dxe4 28. Nc5 $14) 27. Nc5 Nxc5 28. bxc5 g5 $132) 26... Bf8 27. Bc2
$5 {[/\28.Nd3]} Nxe5 28. Bxe5 Nd7 29. Bc7 Qe7 30. Rab1 Rac8 (30... Nc5 31. bxc5
Qxc7 32. e4 $36) 31. Bf4 Qf6 32. Ne2 $5 {[/\Ne2-c1-d3]} Nb6 33. Nc1 Nc4 34. Qc3
Ra8 35. Nd3 Bc8 $5 $11 {[/\36...Bf5]} 1/2-1/2

[Event "Belgrade GMA op"]
[Site "Belgrade"]
[Date "1988.??.??"]
[Round "?"]
[White "Kozul, Zdenko"]
[Black "Gurevich, Mikhail"]
[Result "0-1"]
[WhiteElo "2505"]
[BlackElo "2630"]
[Annotator "Gurevich,M"]
[PlyCount "62"]
[EventDate "1988.12.??"]
[EventType "swiss"]
[EventRounds "9"]
[EventCountry "YUG"]
[SourceTitle "TD"]
[Source "ChessBase"]
[SourceDate "1994.03.01"]
[SourceVersion "1"]
[SourceVersionDate "1994.03.01"]
[SourceQuality "1"]

1. d4 Nf6 2. Nf3 e6 3. c4 b6 4. Nc3 Bb7 5. a3 d5 6. cxd5 Nxd5 7. e3 g6 8. Bb5+
c6 9. Nxd5 exd5 10. Bd3 Bg7 11. e4 $5 (11. b4) 11... dxe4 12. Bxe4 Ba6 13. Bg5
$1 Qd6 (13... f6 14. Be3 $14) 14. Qd2 O-O 15. O-O-O $14 {/\ h4-h5->>>} Bc4 16.
Bf4 Qd8 17. Bh6 (17. h4 $1 Bd5 18. Bc2 $36) 17... Re8 18. Bxg7 Kxg7 19. Rde1
Nd7 $1 $13 20. Bxc6 Rxe1+ 21. Rxe1 Rc8 22. Bxd7 $6 (22. d5 {>=} Nf6 23. Kb1
Bxd5 24. Bxd5 Qxd5 25. Qxd5 $10) 22... Qxd7 23. Kb1 Bd5 $1 $44 24. Qd3 $6 (24.
Qf4 $5) 24... Qg4 $1 25. Qe3 Kg8 $17 26. Ne5 Qf5+ (26... Qxg2 $2 27. Nd7 $1 {
/\ Nf6, Qe5}) 27. Ka1 Bxg2 28. Qg3 Bd5 29. Ng4 Kg7 30. Ne3 (30. Qe5+ Qxe5 31.
dxe5 Be6 32. Ne3 Kh6 $17 {_|_}) 30... Qe4 31. f3 $2 Qxe3 0-1

[Event "URS-ch FL55"]
[Site "Lvov"]
[Date "1987.11.12"]
[Round "6"]
[White "Janjgava, Lasha"]
[Black "Chernin, Alexander"]
[Result "0-1"]
[WhiteElo "2410"]
[BlackElo "2580"]
[Annotator "Gurevich,M"]
[PlyCount "38"]
[EventDate "1987.11.??"]
[EventType "tourn"]
[EventRounds "17"]
[EventCountry "URS"]
[EventCategory "10"]
[SourceTitle "EXT 2018"]
[Source "ChessBase"]
[SourceDate "2017.10.13"]
[SourceVersion "1"]
[SourceVersionDate "2017.10.13"]
[SourceQuality "1"]

1. d4 Nf6 2. c4 e6 3. Nf3 b6 4. a3 Ba6 5. Qc2 Bb7 6. Nc3 c5 7. d5 exd5 8. cxd5
Nxd5 9. Bg5 Be7 10. Nb5 O-O 11. Nd6 Ne3 {'!!'} 12. fxe3 (12. Bxe3 Bxd6 13. Ng5
g6 14. O-O-O Be7 $5 {/\ d5-/+}) (12. Qd3 Bxf3 13. Bxe3 Bg4 14. Qe4 Bxd6 15.
Qxa8 Qf6 $44 {|^}) 12... Bxf3 13. exf3 (13. Bxe7 Qxe7 14. Nf5 Qe4 $19) 13...
Bxg5 14. Bc4 (14. f4 Bxf4 15. exf4 Qe7+ 16. Qe4 Qxe4+ 17. Nxe4 Re8 18. Bd3 d5)
(14. Qe4 Nc6 (14... Qe7 $5 15. Qxa8 Qxe3+ 16. Be2 Qd2+ 17. Kf1 Nc6 18. Nc4 $1
$8 Qxe2+ 19. Kxe2 Rxa8)) 14... Nc6 15. f4 {'?'} (15. h4 $5 Bxe3 $1 16. Nxf7
Rxf7 17. Bxf7+ Kh8 $44) (15. Qe4 $1 Qe7 16. Qxe7 Bxe7 17. O-O-O Ne5 $5 (17...
Bxd6 18. Rxd6 $44)) 15... Bxf4 {'-/+!'} 16. Nxf7 (16. exf4 Qe7+ 17. Ne4 Nd4 18.
Qd3 Rae8 19. Bd5 Qd6 20. Bb7 f5 $19) 16... Qh4+ 17. g3 (17. Ke2 Qh5+ 18. g4 $8
Qxg4+ 19. Kd2 Bxe3+ 20. Kxe3 Qd4+ {/\ d5}) (17. Kd1 Bxe3 {/\ Qd4}) 17... Bxg3+
18. Kd2 (18. Ke2 Qh5+ 19. Kd2 d5 $19) 18... Bf2 {'-+'} 19. Kd1 (19. Qd3 Rxf7
20. Bxf7+ Kxf7 21. Qxd7+ Ne7 22. Raf1 Rf8 {/\ Kg8-+ Gurevich,M}) 19... d5 0-1

[Event "Donner Memorial"]
[Site "Amsterdam"]
[Date "1995.??.??"]
[Round "8"]
[White "Salov, Valery"]
[Black "Timman, Jan H"]
[Result "1/2-1/2"]
[WhiteElo "2685"]
[BlackElo "2590"]
[Annotator "Hansen,Cu"]
[PlyCount "63"]
[EventDate "1995.08.??"]
[EventType "tourn"]
[EventRounds "11"]
[EventCountry "NED"]
[EventCategory "16"]
[SourceTitle "CBM 049"]
[Source "ChessBase"]
[SourceDate "1995.12.01"]
[SourceVersion "1"]
[SourceVersionDate "1995.12.01"]
[SourceQuality "1"]

1. d4 {Dautov} Nf6 2. c4 e6 3. Nf3 b6 4. Nc3 Bb7 5. a3 d5 6. Qc2 c5 7. cxd5
Nxd5 8. dxc5 Bxc5 9. Bg5 Qc8 10. Rc1 h6 11. Bd2 (11. Bh4 $5 a5 (11... Nc6 12.
Nxd5 exd5 13. e3 O-O 14. Be2 (14. Bd3 a5 (14... d4) 15. O-O d4 16. e4 (16. Bh7+
Kh8 17. Bf5 Qb8 18. exd4 Nxd4 19. Nxd4 Bxd4 20. Rcd1 Be5 21. Bg3 Bxg3 22. hxg3
Qe5 23. Rfe1 Qf6 24. Bd7 Rad8 25. b4 Bc8 {1/2-1/2 Petrosian,A-Novikov,I/Lvov
1988}) 16... Re8 17. Bg3 $14 {Ftacnik,Lubomir-Hjartarson,Johann/Esbjerg 1985})
14... a5 {1/2-1/2 Razuvaev,Y-Hort,V/Dortmund (02) 1985}) (11... O-O 12. Nxd5
exd5 13. e3 Nd7 {/\Nc6,d4} (13... a5 {Dautov /\Nc6,d4}) 14. Be2 Bd6 15. Qd1 Qe8
16. O-O Nc5 17. Nd4 Qe4 18. Bg3 Bxg3 19. hxg3 Qe5 20. Qc2 Rfc8 21. Bg4 Ne6 22.
Qf5 Qxf5 23. Nxf5 Rd8 $14 24. Rfd1 Kf8 {1/2-1/2 Yusupov,A-Chernin,A/Tunis izt
39/(633) 1985}) 12. Na4 (12. Ne4 Nd7 13. Qb1 O-O 14. Nd6 Qc6 15. Nxb7 Qxb7 16.
e4 $2 Nf4 17. Bg3 f5 $17 {Ftacnik,L-Hansen,Cu/Esbjerg/1985}) (12. e3 O-O 13.
Be2 Nxc3 14. Qxc3 Nc6 15. O-O a4 $10 {Spraggett,K-Portisch,L/Montpellier ct
1985 (40)}) 12... Nd7 13. e4 $1 (13. e3 O-O 14. Bb5 Ba6 15. Bxa6 (15. Qd3 Bb4+
16. Ke2 Nc5 17. Bxa6 Qxa6 18. Qxa6 Rxa6 19. Nxc5 Bxc5 $10) 15... Qxa6 16. Qe2
Qxe2+ 17. Kxe2 Rfc8 $1 18. Rhd1 Bf8 {/\ b5} 19. Nd4 Nc5 20. Nxc5 (20. Nc3 $2
Nxc3+ 21. Rxc3 Na4 22. Rb3 e5 {/\} 23. Nb5 $2 Rc2+ 24. Rd2 Rxd2+ 25. Kxd2 Nc5
$19) 20... bxc5 21. Nb5 a4 $1 (21... Rab8 22. a4 Nb6 23. Bg3 Rb7 24. b3 c4 25.
Nd6 Bxd6 26. Rxd6 $16) 22. Bg3 Ra5 23. Nd6 Bxd6 24. Bxd6 Rb5 25. Rd2 Rc6 26.
Bg3 f5 $1 $10 {Salov,V-Timman,J/Beograd 44/637/1987}) 13... N5f6 (13... Nf4 14.
Bg3 Nh5 15. Bb5 $14) (13... Nc7 14. Nxc5 bxc5 (14... Nxc5 $2 15. b4 axb4 16.
axb4 Bxe4 17. Qb2 $18) 15. Be2 (15. Bd3 $5) 15... Ba6 (15... e5 16. Bc4 $1 $16)
16. O-O O-O 17. Rfd1 f6 $1 (17... Re8 $6 18. Bxa6 Rxa6 19. Qd2 $1 $18) 18. Bc4
$1 (18. e5 $6 f5 19. Be7 Re8 20. Bd6 Nd5 $13) 18... Bxc4 (18... Rf7 $6 19. Ba2
$1 {/\ Bg3}) 19. Qxc4 Rf7 20. Bg3 e5 21. Nh4 $1 $16 {Kasparov,G-Van der Wiel,J/
Amsterdam 45/635/1988}) 14. Bxf6 (14. Bd3 Be7 15. Qxc8+ Rxc8 16. Rxc8+ Bxc8 17.
Bb5 g5 18. Bg3 O-O 19. Nd2 Nc5 20. Nxc5 Bxc5 21. f3 Bd7 22. Bxd7 {1/2-1/2
Petrosian,A-Olafsson,H/Erevan 1988}) 14... Nxf6 15. Bb5+ $14) (11. Nxd5 $6 {
Dautov} hxg5 12. b4 g4 13. Ne5 Rh5 $15) 11... Nc6 (11... Nf6 12. b4 (12. e3 O-O
13. Be2 Nbd7 14. O-O Qb8 (14... a5 15. Rfd1 Qb8 16. Be1 Ne5 17. Nd2 Rc8 18. h3
Bc6 19. Nb3 Be7 20. Nd4 {+/- Kalinichev,S-Timoshchenko,G/DDR 42/(663) 1986})
15. b4 Be7 16. Nd4 Rc8 17. Qb3 a5 18. f3 axb4 19. axb4 Bd6 {-/+ Chekhov,
V-Timoshchenko,G/Berlin 42/(663) 1986}) 12... Be7 13. Nb5 Nc6 14. Qa4 a5 15.
bxa5 O-O $13 {Petursson,Margeir-Arnason,Jon/Reykjavik 1985/}) 12. b4 (12. Nxd5
exd5 13. e3 O-O 14. Bb5 Ne7 15. b4 Bd6 16. Qxc8 Rfxc8 17. Ke2 (17. O-O a6 $10)
17... d4 $1 $10 {Yusupov,A-Timman,J/Tilburg 44/636/1987/} (17... d4 $1 {Dautov}
18. exd4 a6 19. Rxc8+ Rxc8 20. Bd3 Nd5 $44 {Yusupov,A-Timman,J/Tilburg 1987}))
(12. e3 O-O 13. Bd3 Nf6 14. O-O Qb8 15. b4 {1/2-1/2 Ivanchuk,V-Timman,J/Riga
Tal (07) ,CBM 47 1995 Ivanchuk,V-Timman,J/Riga Tal (07) ;CBM 47 1995}) 12...
Bd6 {N} (12... Be7 13. e4 (13. Nxd5 $1 {Dautov >=} exd5 14. e3 $14 {/\Bb5})
13... Nf6 14. Be2 Qb8 15. O-O {1/2-1/2 Nikolic,Pr-Timman,J/Tilburg 44/(636)
1987 Remis/Nikolic-Timman/Tilburg/1987}) 13. Nb5 (13. e4 $5 {Dautov} Nf6 14.
Nb5 (14. Bb5 $2 O-O 15. Bxc6 $2 Bxc6 16. e5 Bxf3 17. exf6 Bxg2 18. Rg1 Qb7 19.
fxg7 Rfd8 $17)) (13. Nxd5 {Dautov} exd5 14. e3 O-O 15. Bb5 Ne7 $10) 13... Qb8 (
13... Bb8 $2 {Dautov} 14. Nbd4 Nde7 (14... Nce7 15. Qxc8+ Bxc8 16. e4 Nf6 17.
Rxc8+ $1 Nxc8 18. Bb5+ Ke7 19. Bc6 $18) 15. Qb2 $18) (13... Be7 {Dautov} 14. e4
Nf6 15. e5 Nd7 (15... Nd5 16. Nd6+ Bxd6 17. exd6 O-O 18. Bb5 $14) 16. Qe4 {/\}
O-O 17. Bd3 f5 18. exf6 Nxf6 19. Qg6 $16) 14. e4 Nf6 (14... Nde7 {Dautov} 15.
Rd1 $1 $16) 15. Nxd6+ Qxd6 16. Bb5 (16. b5 Nd4 (16... Ne5 17. Bb4 Nxf3+ 18.
gxf3 $16) 17. Nxd4 Qxd4 18. f3 O-O $15) 16... Rc8 17. e5 Qd5 18. exf6 Qxb5 19.
fxg7 Rg8 20. a4 (20. Qh7 $2 {Dautov} Ba6 21. Qxg8+ $2 Ke7 $19) 20... Qd5 21.
Qh7 {[%csl Gg7]} (21. Bxh6 $2 {Dautov} Nxb4 22. Qxc8+ (22. Qh7 Rxc1+ 23. Bxc1
Rxg7 $1 24. Qxg7 Nc2+ $19) 22... Bxc8 23. Rxc8+ Kd7 24. Rxg8 Qe4+ 25. Be3 Qb1+
26. Bc1 Qxc1+ 27. Ke2 Qc4+ 28. Ke3 Qd3+ 29. Kf4 Nd5+ 30. Kg3 Qg6+ $19) 21...
Ke7 22. Rd1 (22. Bxh6 $5 Ne5 {[%cal Ye5d3] /\Nd3+} (22... Nxb4 23. Rxc8 Rxc8
24. Bg5+ Kd6 25. O-O $18) 23. Bg5+ $1 (23. Rxc8 Rxc8 (23... Nxf3+ 24. gxf3 Rxc8
25. g8=Q Qe5+ 26. Kf1 $18) 24. g8=Q (24. Bg5+ Kd7 25. g8=Q Rxg8 26. Qxg8 Qe4+
$10) 24... Rxg8 (24... Nd3+ 25. Kf1 $18) 25. Qxg8 Qe4+ 26. Be3 Qb1+ $10) 23...
f6 (23... Kd7 24. Rd1 Nxf3+ 25. gxf3 Qxd1+ 26. Kxd1 Bxf3+ 27. Kd2 Bxh1 28. h4
$18) 24. Rxc8 $18 (24. Bxf6+ Kxf6 25. Qh4+ Kxg7 26. Qe7+ (26. Qg5+ Ng6 $19)
26... Nf7 $19) (24. Rxc8 {Dautov} Nxf3+ 25. gxf3 Qe5+ 26. Be3 Bxc8 27. Qxg8
Qa1+ 28. Ke2 Ba6+ 29. b5 Qb2+ 30. Kf1 Qb1+ 31. Kg2 Qg6+ 32. Kh3 Qh5+ 33. Kg3
Qg6+ 34. Kh4)) (22. O-O Nd4 $132) (22. b5 $5 Ne5 (22... Nd4 {Dautov} 23. Rxc8
Rxc8 24. g8=N+ Kd8 (24... Rxg8 25. Bb4+ Kf6 26. Qxh6+ Rg6 27. Qh8+ Rg7 28. Qh4+
Kg6 29. Qxd4 $18) 25. Nxh6 Nxf3+ 26. gxf3 Qe5+ 27. Kf1 Qa1+ 28. Kg2 Bxf3+ 29.
Kxf3 Qxh1+ 30. Ke2 $18) 23. Bb4+ Kd7 (23... Kf6 24. Qxh6+ (24. Bc3 $18 {Dautov}
) 24... Ng6 25. O-O $16) (23... Rc5 {Dautov} 24. Qxg8 (24. Bxc5+ $2 bxc5 25.
Qxg8 Qe4+ 26. Kf1 (26. Kd1 Qxa4+ 27. Rc2 Bxf3+ 28. gxf3 Qd4+ $10) 26... Qd3+
27. Kg1 Nxf3+ 28. gxf3 Qxf3 29. Qf8+ Kd7 30. Qd8+ Kxd8 31. g8=Q+ Ke7 $17) 24...
Qe4+ 25. Kd1 Qxb4 26. Qf8+ Kf6 27. g8=N+ Kf5 28. Nxh6+ $18) 24. Rd1 Nxf3+ 25.
gxf3 Qxd1+ 26. Kxd1 Bxf3+ 27. Kd2 Bxh1 28. Qxh6 $16 {/\Bf8 /\Qf6}) 22... Qc4
23. b5 Nb4 24. Bg5+ hxg5 25. Rd7+ Kxd7 26. Ne5+ Ke7 27. Nxc4 Bxg2 (27... Rxc4 {
Dautov} 28. Qxg8 Rc1+ 29. Kd2 Rc2+ 30. Kd1 $18) 28. Rg1 Rxc4 29. Qxg8 $2 (29.
Rxg2 Rc1+ 30. Ke2 Rc2+ 31. Kf3 (31. Ke3 Rc3+ 32. Kd4 $4 Rgc8 $19) 31... Rc3+
32. Kg4 Nd5 33. Kxg5 Rc5 (33... Nf6 {Dautov} 34. Qh6 Rc5+ 35. Kh4 Rf5 $18) 34.
Qh4 $16 {[%csl Gg7][%cal Yg5h6] Nunn,J /\Kh6} (34. Qh4 Nf6+ 35. Kh6 $18)) 29...
Rc1+ 30. Kd2 Rc2+ 31. Ke1 (31. Ke3 {Dautov} Rc3+ 32. Kd4 $4 Rd3+ 33. Kc4 Bd5+
34. Kxb4 Rb3#) 31... Rc1+ 32. Kd2 1/2-1/2